Statistics for Africa Flag Maps By Population

Click here to take the quiz!

General Stats

  • This quiz has been taken 28 times
  • The average score is 48 of 54

Answer Stats

Answer% Correct
South Africa
100%
DR Congo
96%
Egypt
96%
Ghana
96%
Kenya
96%
Malawi
96%
Morocco
96%
Niger
96%
Nigeria
96%
Tanzania
96%
Tunisia
96%
Angola
91%
Benin
91%
Botswana
91%
Burkina Faso
91%
Cameroon
91%
Central African Republic
91%
Eritrea
91%
Ethiopia
91%
Ivory Coast
91%
Liberia
91%
Libya
91%
Madagascar
91%
Mali
91%
Mozambique
91%
Namibia
91%
Senegal
91%
Somalia
91%
South Sudan
91%
Sudan
91%
Uganda
91%
Zambia
91%
Zimbabwe
91%
Algeria
87%
Chad
87%
Eswatini
87%
Mauritania
87%
Togo
87%
Burundi
83%
Gambia
83%
Guinea
83%
Lesotho
83%
Republic of the Congo
83%
Rwanda
83%
Seychelles
83%
Comoros
78%
Equatorial Guinea
78%
Guinea Bissau
78%
Mauritius
78%
Sierra Leone
78%
Cape Verde
74%
Djibouti
74%
Gabon
74%
Sao Tome & Principe
74%

Score Distribution

Percentile by Number Answered

Percent of People with Each Score

Your Score History

You have not taken this quiz